000 00489nam a2200169Ia 4500
005 20250508160343.0
008 008 250505s9999 xx 000 0 eng d
037 _aTextual
040 _aFEDL
_beng
_cFEDL
041 _aeng
_2eng
084 _a379.15, CAL
_qFEDL
245 0 _aBoardsmanship : A guide for the school board member
260 _aStanford
_bStanford Univeristy Press
_c1961
300 _aix,102p.
942 _cTEXL
_h379.15, CAL
999 _c1363955
_d1363955